Facets of the great revolt 1857 / (Record no. 29367)
[ view plain ]
| 000 -LEADER | |
|---|---|
| fixed length control field | 02468nam a22003615a 4500 |
| 005 - DATE AND TIME OF LATEST TRANSACTION | |
| control field | 20090821113753.0 |
| 008 - FIXED-LENGTH DATA ELEMENTS--GENERAL INFORMATION | |
| fixed length control field | 090106s2008 ii b 001 0 eng |
| 010 ## - LCCN (DPL NO) | |
| LC control number | ENG-94789 |
| 020 ## - INTERNATIONAL STANDARD BOOK NUMBER | |
| International Standard Book Number | 9788189487447 |
| Terms of availability | 225.00 |
| 035 ## - SYSTEM CONTROL NUMBER | |
| System control number | EN-78322 |
| 035 ## - SYSTEM CONTROL NUMBER | |
| System control number | B-361272-278 |
| 037 ## - SOURCE OF ACQUISITION | |
| Source of stock number/acquisition | DBAD / PUB |
| 037 ## - SOURCE OF ACQUISITION | |
| Source of stock number/acquisition | Tulika Books |
| 040 ## - CATALOGING SOURCE | |
| Original cataloging agency | dpl |
| Language of cataloging | English |
| 082 ## - DEWEY DECIMAL CLASSIFICATION NUMBER | |
| Classification number | 954.083 |
| 245 ## - TITLE STATEMENT | |
| Title | Facets of the great revolt 1857 / |
| Statement of responsibility, etc | edited by Shireen Moosvi |
| 260 ## - PUBLICATION, DISTRIBUTION, ETC. (IMPRINT) | |
| Place of publication, distribution, etc | New Delhi |
| Name of publisher, distributor, etc | Tulika Books |
| Date of publication, distribution, etc | 2008 |
| 270 ## - ADDRESS | |
| Address | 35 A/1 (third floor), Shahpur Jat, |
| City | New Delhi |
| Postal code | 110049 |
| 300 ## - PHYSICAL DESCRIPTION | |
| Extent | xiv, 146 p. : |
| Other physical details | ill. ; |
| Dimensions | 25cm(pbk) |
| 500 ## - GENERAL NOTE | |
| General note | Includes bibliographical references and index |
| 651 ## - SUBJECT ADDED ENTRY--GEOGRAPHIC NAME | |
| Geographic name | India |
| General subdivision | History |
| Chronological subdivision | Sepoy Rebellion, 1857-1858. |
| 700 ## - ADDED ENTRY--PERSONAL NAME | |
| Personal name | Moosvi, Shireen, |
| 942 ## - ADDED ENTRY ELEMENTS (KOHA) | |
| Source of classification or shelving scheme | Dewey Decimal Classification |
| Item type | English Books |
| Call number suffix | FAC |
| Classification part | 954.083 |
| Withdrawn status | Lost status | Source of classification or shelving scheme | Damaged status | Not for loan | Collection code | Home library | Current library | Date acquired | Source of acquisition | Cost, normal purchase price | Total Checkouts | Full call number | Barcode | Date last seen | Copy number | Cost, replacement price | Koha item type | Total Renewals |
|---|---|---|---|---|---|---|---|---|---|---|---|---|---|---|---|---|---|---|
| Dewey Decimal Classification | Non-fiction | Central Library | Central Library | 04/05/2010 | Tulika Books/4838/29.10.09/148/16.10.09/29.10.09 | 225.00 | 8 | 954.083 FAC | B-361272 | 30/09/2021 | 1 | 225.00 | English Books | 2 | ||||
| Dewey Decimal Classification | Not For Loan | Non-fiction | D.B.Act.Division | D.B.Act.Division | 21/08/2009 | DBAD / PUB | 225.00 | 954.083 FAC | EN-78322 | 21/08/2009 | 1 | 225.00 | English Books | |||||
| Dewey Decimal Classification | Non-fiction | Janak Puri | Janak Puri | 04/05/2010 | Tulika Books/4838/29.10.09/148/16.10.09/29.10.09 | 225.00 | 6 | 954.083 FAC | B-361274 | 05/03/2019 | 1 | 225.00 | English Books | 2 | ||||
| Dewey Decimal Classification | Non-fiction | Karol Bagh | Karol Bagh | 04/05/2010 | Tulika Books/4838/29.10.09/148/16.10.09/29.10.09 | 225.00 | 954.083 FAC | B-361277 | 04/05/2010 | 1 | 225.00 | English Books | ||||||
| Dewey Decimal Classification | Non-fiction | Patel Nagar | Patel Nagar | 04/05/2010 | Tulika Books/4838/29.10.09/148/16.10.09/29.10.09 | 225.00 | 1 | 954.083 FAC | B-361273 | 24/01/2020 | 1 | 225.00 | English Books | |||||
| Dewey Decimal Classification | Non-fiction | Sarojini Nagar | Sarojini Nagar | 04/05/2010 | Tulika Books/4838/29.10.09/148/16.10.09/29.10.09 | 225.00 | 954.083 FAC | B-361275 | 04/05/2010 | 1 | 225.00 | English Books | ||||||
| Dewey Decimal Classification | Non-fiction | Shahdara Branch | Shahdara Branch | 04/05/2010 | Tulika Books/4838/29.10.09/148/16.10.09/29.10.09 | 225.00 | 3 | 954.083 FAC | B-361278 | 01/02/2024 | 1 | 225.00 | English Books | |||||
| Dewey Decimal Classification | Non-fiction | Vinoba Puri | Vinoba Puri | 04/05/2010 | Tulika Books/4838/29.10.09/148/16.10.09/29.10.09 | 225.00 | 1 | 954.083 FAC | B-361276 | 28/08/2019 | 1 | 225.00 | English Books | 1 |
